| 000 | 01370nam a22002655a 4500 | ||
|---|---|---|---|
| 003 | OSt | ||
| 005 | 20170215115831.0 | ||
| 008 | 170214s2006 ua frb 000 0 ara d | ||
| 015 | _a2004 / 17922 | ||
| 020 | _a9789770445819 | ||
| 040 |
_aEG-ScBUE _bara _cEG-ScBUE |
||
| 082 | 0 | 4 |
_a344.6201891 _bب هـ ج _222 |
| 100 | 1 | _aبهجت، أحمد عبد التواب محمد. | |
| 245 | 1 | 2 |
_aالمشكلات التي يثيرها حادث طريق العمل في القانون المصري (على ضوء المادة الخامسة من قانون 79 لسنة 1975) وبالمقارنة مع (المادة 415 / 1 من القانون الفرنسي 23 يوليو 1957) (والمادة الأولى من القانون البلجيكي 13 ديسمبر 1945) / _cأحمدعبد التواب محمد بهجت. |
| 250 | _aط. 2. | ||
| 260 |
_aالقاهرة : _bدار النهضة العربية، _c2006. |
||
| 300 |
_a403 ص. ؛ _c24 سم. |
||
| 504 | _aيشتمل على إرجاعات ببليوجرافية. | ||
| 650 | 0 |
_aالعمل والعمال _xقوانين وتشريعات _zمصر _2BUEsh _910938 |
|
| 650 | 0 |
_aالعمل والعمال _xقوانين وتشريعات _zفرنسا. _2BUEsh |
|
| 650 | 0 |
_aالعمل والعمال _xقوانين وتشريعات _zبلجيكا. _2BUEsh |
|
| 651 | _2BUEsh | ||
| 653 |
_bLLAAWW _cFebruary2017 |
||
| 942 | _2ddc | ||
| 999 |
_c24163 _d24135 |
||